Alliterative Musicians A to Z by Picture - Statistics

General Stats
  • This quiz has been taken 239 times
    41 since last reset
  • The average score is 16 of 25
Answer Stats
Picture Hint Answer % Correct
B - "Good Vibrations" Beach Boys
94%
M - "The Beautiful People" Marilyn Manson
94%
O - "Crazy Train" Ozzy Osbourne
94%
B - "I Want it That Way" Backstreet Boys
91%
T - "What's Love Got to Do with It" Tina Turner
91%
F - "Everlong" Foo Fighters
85%
G - "I Will Survive" Gloria Gaynor
82%
B - "(You Gotta) Fight of Your Right (To Party!)" Beastie Boys
79%
J - "Me and Bobby McGee" Janis Joplin
79%
J - "Rhythm Nation" Janet Jackson
76%
D - "Hungry Like a Wolf" Duran Duran
71%
S - "We are Family" Sister Sledge
65%
A - "Goody Two Shoes" Adam Ant
59%
D - "Nuthin' but a 'G' Thang" Dr. Dre
59%
C - "Let's Twist Again" Chubby Checker
53%
G - "Rock and Roll" Gary Glitter
53%
K - "Jump" Kriss Kross
47%
L - "No Scrubs" (as a member of TLC) Lisa "Left-Eye" Lopes
47%
L - "La Bamba" Los Lobos
47%
L - "Coal Miner's Daughter" Loretta Lynn
44%
C - "Round Here" Counting Crows
41%
L - "Cowboy Man" Lyle Lovett
35%
G - "We Got the Beat" The Go-Go's
35%
H - "I'm Henry the VIII, I Am" Herman's Hermits
32%
R - "Happy Trails" Roy Rogers
26%
No matching quizzes found
Score Distribution
Percent of People with Each Score
Percentile by Number Answered
Your Score History
You have not taken this quiz since the last reset